Pakistan, a Nation (Record no. 1869)

MARC details
000 -LEADER
fixed length control field 00575nam a2200241 a 4500
020 ## - INTERNATIONAL STANDARD BOOK NUMBER
ISBN
082 00 - DEWEY DECIMAL CLASSIFICATION NUMBER
Classification number 954.91
Author Cutter HAM
100 ## - MAIN ENTRY--AUTHOR NAME
Author name Hamza, El
245 ## - TITLE STATEMENT
Title Pakistan, a Nation
260 ## - PUBLICATION, DISTRIBUTION, ETC. (IMPRINT)
Place of publication Lahore
Name of publisher Shaikh Mohd Ashraf
Year of publication 1941
300 ## - PHYSICAL DESCRIPTION
Number of Pages 135p
500 ## - GENERAL NOTE
General note includes index and biblioraphy
505 2# - FORMATTED CONTENTS NOTE
Formatted contents note Select Bibliography Table of Dates
650 ## - SUBJECT ADDED ENTRY--TOPICAL TERM
Topical Term Pakistan
942 ## - ADDED ENTRY ELEMENTS (KOHA)
Koha item type Books
700 1# -
-- Hamza, El
Holdings
Collection code Home library Current library Date acquired Cost, normal purchase price Full call number Accession Number Koha item type
  Henry Martyn Institute Library Henry Martyn Institute Library 07/31/2007 100.00 954.91 HAM 00928 Books
                   Copyright © 2026 | Henry Martyn Institute | Hyderabad | TS-500052 | INDIA | Implemented by hmi.edu.in
Hit-Count:

Powered by Koha